Kapitálový trh v rozvíjajúcich sa krajinách bakalárska práca

Enregistré dans:
Détails bibliographiques
Auteur principal: Podbehlá, Veronika
Collectivité auteur: Národohospodárska fakulta EU. Katedra bankovníctva a medzinárodných financií
Autres auteurs: Slobodník, Patrik, 1992-
Format: Livre
Langue:slovaque
Publié: Bratislava 2018
Tags: Ajouter un tag
Pas de tags, Soyez le premier à ajouter un tag!

MARC

LEADER 00000nbm a2200000 4500
001 0245853
005 20181214125235.2
041 0 |a slo 
044 |a SK 
245 1 0 |a Kapitálový trh v rozvíjajúcich sa krajinách  |b bakalárska práca  |c Veronika Podbehlá ; školiteľ: Patrik Slobodník 
264 1 |a Bratislava  |c 2018 
300 |a 46 s. 
100 1 |a Podbehlá, Veronika 
700 1 |a Slobodník, Patrik, 1992- 
710 2 |a Národohospodárska fakulta EU. Katedra bankovníctva a medzinárodných financií